00518nam a2200169 a 4500008004100000020001500041050001400056100002500070245002500095246009700120260006800217300001000285350000900295650000800304650002100312700001500333120416s1976 ||||||||||||||||| || u a0844720755 aKB 53 Fre aRuckelshaus, William10aFreedom of the press aan AEI round table held on July 29 and 30, 1975 at the National Press Club, Washington, D.C. aWashington D.C.bAmerican Enterprise Institute for Publicc1976 a101p. a0.00 aLAW aFREEDOM OF PRESS aAbel, Elie